世界民間故事

資料類型: Book 圖書   書目號:28032

Leader xxxxxxxxxx
001 __ 80007264
005 __ 19950313161743.0
008 __                                    chi  
010 0_ |a|b平裝|dNT$120
020 __ |acw|b81002218
100 __ |a19920518g1992        0chib0109    e.
101 0_ |achi.
102 __ |acw.
105 __ |aa   z   000yy.
200 1_ |a世界民間故事|e|fLeila Berg 原著 李約翰譯註
205 __ |a再版.
210 __ |a臺北市|c大夏出版社|d民87年再版
211 __ |a8106.
215 0_ |a189面|c|d20公分.
225 1_ |a英漢對照|v37
260 1_ |a1992.
681 __ |a859.6.
700 __ |a|b約翰|4譯註
  
702 __ |a|b|4
詳細館藏(共 1 筆)
索 書 號登 錄 號冊次號館別 / 館藏地流通類型狀態加入預約清單電子資源
859.6 / 8454 1012340  圖書館 / 一樓普通區 可外借30天 在館   

| 條列資料




目錄查詢 分類查詢 個人資料 圖書薦購 新書查詢 閉館日 排行榜 更多電子資源 Hami書城 線上資料庫 登出

From : 216.73.216.116

  本日流通累計至 22:21:35 借閱 : 9 次 續借 : 0 次 歸還 : 10 次 預約 : 0 次 電子資源 : 0 次


內湖高中圖書館  PCLIS 版本  25.5.0.2